000 00658nam a22002417a 4500
003 UA-OsUOA
001 95040
007 ta
008 20130220b un ||||| |||| 00| 0 ukr d
100 _aЗолотарев Б.
090 _a821.161.1
_bЗ-80
942 _cBK
040 _aUA-OsUOA
_brus
_cUA-OsUOA
_dUA-OsUOA
245 _aПростое окончание
_bповести
300 _a336 с.
955 _a3
041 _arus
080 _a821.161.1
020 _a5-265-00553-6
260 _aМ.
_bСоветский писатель
_c1989
650 7 _a82 Література. Літературознавство
_2UDC
999 _c381241
_d381241